[Event "GRE-ch U20"]
[Site "Chania"]
[Date "2018.04.11"]
[Round "2"]
[White "Petrakis, Stylianos"]
[Black "Loutragotis, Dimitrios"]
[Result "1/2-1/2"]
[WhiteElo "1908"]
[BlackElo "2123"]
[PlyCount "71"]
[EventDate "2018.04.10"]
[EventType "swiss"]
[EventRounds "9"]
[EventCountry "GRE"]
[SourceTitle "CBM 184 Extra"]
[Source "ChessBase"]
[SourceDate "2018.06.28"]
[SourceVersion "1"]
[SourceVersionDate "2018.06.28"]
[SourceQuality "1"]
[WhiteTeam "Greece"]
[BlackTeam "Greece"]
[WhiteTeamCountry "GRE"]
[BlackTeamCountry "GRE"]

1. e4 e5 2. Nf3 Nc6 3. d4 exd4 4. Bc4 Nf6 5. e5 Ng4 6. Qe2 Qe7 7. Bf4 d6 8. exd6 cxd6 9. Na3 Nge5 10. 0-0-0 Bg4 11. Nb5 Bxf3 12. gxf3 g5 13. Bg3 Bg7 14. Rhe1 0-0 15. Nxd4 Nxd4 16. Rxd4 Qf6 17. Bxe5 Qxe5 18. Qxe5 Bxe5 19. Rg4 Bf4+ 20. Kd1 Rac8 21. Bb3 Rc7 22. h4 h6 23. hxg5 hxg5 24. c3 Kg7 25. Reg1 Kf6 26. Rh1 Rcc8 27. Rh7 Rce8 28. Rg1 Re7 29. Rh6+ Kg7 30. Rgh1 Rg8 31. Rh7+ Kf8 32. Bd5 Rg7 33. Rh8+ Rg8 34. R8h7 Rg7 35. Rh8+ Rg8 36. R8h7 1/2-1/2

[Event "Athens Georgiou CC"]
[Site "Athens"]
[Date "2017.09.08"]
[Round "5"]
[White "Nikolaidis, Ioannis"]
[Black "Loutragotis, Dimitrios"]
[Result "1/2-1/2"]
[WhiteElo "2533"]
[BlackElo "2198"]
[PlyCount "138"]
[EventDate "2017.09.04"]
[EventType "tourn"]
[EventRounds "9"]
[EventCountry "GRE"]
[EventCategory "6"]
[SourceTitle "CBM 180 Extra"]
[Source "ChessBase"]
[SourceDate "2017.10.06"]
[SourceVersion "1"]
[SourceVersionDate "2017.10.06"]
[SourceQuality "1"]

1. d4 Nf6 2. c4 g6 3. Nc3 Bg7 4. e4 d6 5. Nge2 0-0 6. Ng3 e5 7. d5 a5 8. Be2 Na6 9. 0-0 h5 10. Bg5 Qe8 11. Qd2 Bd7 12. Rae1 Nc5 13. b3 Nh7 14. Be3 h4 15. Nh1 f5 16. exf5 gxf5 17. f4 Ne4 18. Nxe4 fxe4 19. fxe5 Qxe5 20. Nf2 a4 21. Bd1 c6 22. bxa4 cxd5 23. cxd5 Bxa4 24. Ng4 Qc3 25. Nh6+ Kh8 26. Nf7+ Kg8 27. Nh6+ Kh8 28. Rxf8+ Nxf8 29. Qf2 Bxd1 30. Rxd1 Rxa2 31. Qf4 Ra1 32. Rxa1 Qxa1+ 33. Kf2 Qa2+ 34. Kf1 Qxd5 35. Qxd6 Qh5 36. h3 Bxh6 37. Bxh6 Qf7+ 38. Kg1 Ng6 39. Be3 Kh7 40. Qc5 Qe6 41. Bd4 Kg8 42. Qc7 Qf7 43. Qc8+ Kh7 44. Qc2 Qe7 45. Qe2 Qe6 46. Qb5 Qf7 47. Qh5+ Kg8 48. Qg4 Kh7 49. Qxe4 Qc7 50. Be3 Qe7 51. Qf3 Kg8 52. Qd5+ Qf7 53. Qd6 Kh7 54. Qc5 Kg8 55. Bf2 Qd7 56. Qh5 Qd3 57. Qc5 Qb1+ 58. Kh2 Qe4 59. Bd4 Qc6 60. Qa3 Qd5 61. Qe3 Qf5 62. Qb3+ Qf7 63. Qc3 Qd5 64. Kh1 Kf7 65. Qc7+ Ke6 66. Qc8+ Kf7 67. Qc7+ Ke6 68. Qg7 Qe4 69. Qg8+ Kd7 1/2-1/2

[Event "Nikaia op 25th"]
[Site "Nikaia"]
[Date "2017.09.03"]
[Round "9"]
[White "Loutragotis, Dimitrios"]
[Black "Liargovas, Dimitrios"]
[Result "1/2-1/2"]
[WhiteElo "2194"]
[BlackElo "1988"]
[PlyCount "106"]
[EventDate "2017.08.26"]
[EventType "swiss"]
[EventRounds "9"]
[EventCountry "GRE"]
[SourceTitle "CBM 180 Extra"]
[Source "ChessBase"]
[SourceDate "2017.10.06"]
[SourceVersion "1"]
[SourceVersionDate "2017.10.06"]
[SourceQuality "1"]

1. e4 c5 2. Nf3 Nc6 3. Nc3 e6 4. d4 cxd4 5. Nxd4 Nf6 6. Nxc6 bxc6 7. Bd3 d5 8. 0-0 Be7 9. Re1 d4 10. Ne2 e5 11. Ng3 0-0 12. Bg5 Ng4 13. Bxe7 Qxe7 14. h3 Nh6 15. Qh5 Rb8 16. b3 Rb6 17. Nf5 Nxf5 18. exf5 Qf6 19. Qe2 Bxf5 20. Qxe5 Qxe5 21. Rxe5 Bxd3 22. cxd3 Rd8 23. Re7 a6 24. Rae1 Kf8 25. Rc7 Re8 26. Rxe8+ Kxe8 27. Kf1 a5 28. Ke2 a4 29. bxa4 Ra6 30. Kf3 Rxa4 31. Rxc6 Rxa2 32. Rc4 Ke7 33. Rxd4 Ke6 34. Ke3 Rb2 35. Ra4 Rc2 36. Ra6+ Kd5 37. h4 Rb2 38. g4 h6 39. g5 hxg5 40. hxg5 Rb7 41. f4 Re7+ 42. Kf3 Kd4 43. Rd6+ Kc5 44. Rd8 Kc6 45. f5 Re5 46. Kf4 Re1 47. Rf8 Rf1+ 48. Ke5 Re1+ 49. Kd4 Rg1 50. Rxf7 Rxg5 51. Rf8 Kd6 52. Rd8+ Ke7 53. Rd5 Kf6 1/2-1/2

[Event "Nikaia op 25th"]
[Site "Nikaia"]
[Date "2017.08.29"]
[Round "4"]
[White "Nemtsas, Hristoforos"]
[Black "Loutragotis, Dimitrios"]
[Result "1-0"]
[WhiteElo "1938"]
[BlackElo "2194"]
[PlyCount "151"]
[EventDate "2017.08.26"]
[EventType "swiss"]
[EventRounds "9"]
[EventCountry "GRE"]
[SourceTitle "CBM 180 Extra"]
[Source "ChessBase"]
[SourceDate "2017.10.06"]
[SourceVersion "1"]
[SourceVersionDate "2017.10.06"]
[SourceQuality "1"]

1. d4 Nf6 2. c4 g6 3. Nc3 Bg7 4. e4 d6 5. Nf3 0-0 6. h3 e5 7. d5 Na6 8. Bg5 Qe8 9. g4 Nc5 10. Nd2 a5 11. Be2 c6 12. Be3 Bd7 13. Bxc5 dxc5 14. g5 Nh5 15. Bxh5 gxh5 16. Qxh5 a4 17. Qe2 Qd8 18. h4 a3 19. b3 Qa5 20. Rc1 f5 21. Kd1 fxe4 22. Ndxe4 Rf4 23. Rg1 Bf5 24. Nf6+ Kh8 25. Qxe5 Rd4+ 26. Ke2 Bg6 27. Qe7 cxd5 28. h5 Bd3+ 29. Ke3 Bf5 30. Ne8 Qxc3+ 31. Rxc3 Re4+ 32. Qxe4 d4+ 33. Kf4 Bxe4 34. Nxg7 dxc3 35. Kxe4 Kxg7 36. Kd3 Rf8 37. Kxc3 Rxf2 38. Rd1 Rxa2 39. Rd7+ Kg8 40. Rd8+ Kf7 41. Rd7+ Kg8 42. h6 Rg2 43. Rg7+ Kf8 44. Rxh7 a2 45. Rh8+ Kf7 46. Ra8 Kg6 47. Kd3 Rxg5 48. Rxa2 Rg3+ 49. Kc2 Kxh6 50. Ra7 b6 51. Rb7 Rg6 52. Kb2 Kg5 53. Ka3 Kf4 54. Ka4 Ke4 55. Kb5 Kd4 56. Rxb6 Rg5 57. Rc6 Rg8 58. Rd6+ Kc3 59. Kxc5 Kxb3 60. Rb6+ Kc3 61. Kb5 Kd4 62. Rd6+ Ke5 63. c5 Rb8+ 64. Kc6 Ra8 65. Kb7 Ra5 66. Kb6 Ra1 67. Kc7 Ra5 68. Kb6 Ra1 69. Rd2 Rb1+ 70. Kc7 Rc1 71. c6 Ke6 72. Kb7 Rb1+ 73. Kc8 Rc1 74. c7 Ke7 75. Rb2 Kd6 76. Kb8 1-0

[Event "Kavala op 26th"]
[Site "Kavala"]
[Date "2017.07.30"]
[Round "4"]
[White "Cabarkapa, Novak"]
[Black "Loutragotis, Dimitrios"]
[Result "1-0"]
[WhiteElo "2426"]
[BlackElo "2241"]
[PlyCount "57"]
[EventDate "2017.07.28"]
[EventType "swiss"]
[EventRounds "9"]
[EventCountry "GRE"]
[SourceTitle "CBM 179 Extra"]
[Source "ChessBase"]
[SourceDate "2017.08.23"]
[SourceVersion "1"]
[SourceVersionDate "2017.08.23"]
[SourceQuality "1"]

1. d4 Nf6 2. Nc3 d5 3. Bf4 c6 4. e3 Bf5 5. f3 Bg6 6. g4 e6 7. h4 h5 8. g5 Ng8 9. Qd2 Bd6 10. Nh3 Ne7 11. 0-0-0 b5 12. Kb1 Bxf4 13. Nxf4 Nd7 14. e4 a6 15. Bd3 Nb6 16. Nxg6 fxg6 17. Qh2 Nc4 18. Bxc4 bxc4 19. Qe5 0-0 20. Na4 Kh7 21. Nc5 Qa5 22. Nxe6 Rg8 23. c3 Rab8 24. Ka1 Qb5 25. Rd2 c5 26. Nc7 Qd7 27. dxc5 Rb7 28. Nxd5 Qd8 29. Qd6 1-0

[Event "Kavala op 26th"]
[Site "Kavala"]
[Date "2017.07.30"]
[Round "3"]
[White "Loutragotis, Dimitrios"]
[Black "Fodor, Tamas Jr"]
[Result "1/2-1/2"]
[WhiteElo "2241"]
[BlackElo "2502"]
[PlyCount "68"]
[EventDate "2017.07.28"]
[EventType "swiss"]
[EventRounds "9"]
[EventCountry "GRE"]
[SourceTitle "CBM 179 Extra"]
[Source "ChessBase"]
[SourceDate "2017.08.23"]
[SourceVersion "1"]
[SourceVersionDate "2017.08.23"]
[SourceQuality "1"]

1. e4 e6 2. d4 d5 3. Nc3 Bb4 4. e5 c5 5. a3 Bxc3+ 6. bxc3 Qa5 7. Qd2 Nc6 8. Nf3 Nge7 9. a4 Bd7 10. Bd3 f6 11. 0-0 0-0-0 12. Ba3 c4 13. Be2 Be8 14. Rfb1 Qc7 15. h3 Ng6 16. Qe3 Bf7 17. Rb5 Rhe8 18. a5 fxe5 19. dxe5 Ngxe5 20. Nxe5 Qxe5 21. Qc5 Re7 22. Rab1 Be8 23. Bxc4 Qxc3 24. Rxb7 Rxb7 25. Ba6 Qxc5 26. Bxb7+ Kc7 27. Bxc5 Nxa5 28. Ba6 Ra8 29. Bd4 Kd6 30. Ra1 Nc6 31. Bb7 Rb8 32. Bxc6 Bxc6 33. f4 Rb7 34. Rxa7 Rxa7 1/2-1/2

[Event "Kavala op 26th"]
[Site "Kavala"]
[Date "2017.07.29"]
[Round "2"]
[White "Stefanov, Emil"]
[Black "Loutragotis, Dimitrios"]
[Result "1/2-1/2"]
[WhiteElo "2466"]
[BlackElo "2241"]
[PlyCount "90"]
[EventDate "2017.07.28"]
[EventType "swiss"]
[EventRounds "9"]
[EventCountry "GRE"]
[SourceTitle "CBM 179 Extra"]
[Source "ChessBase"]
[SourceDate "2017.08.23"]
[SourceVersion "1"]
[SourceVersionDate "2017.08.23"]
[SourceQuality "1"]

1. e4 c5 2. Be2 Nc6 3. f4 d5 4. d3 dxe4 5. dxe4 Qxd1+ 6. Bxd1 Bd7 7. Nf3 e6 8. c3 Nf6 9. Bc2 Be7 10. h3 0-0-0 11. Be3 Ne8 12. Nbd2 f6 13. Ke2 Nc7 14. g4 h6 15. a4 g5 16. e5 gxf4 17. exf6 fxe3 18. fxe7 Nxe7 19. Ne4 Bc6 20. c4 Na6 21. Ra3 h5 22. Rg1 hxg4 23. hxg4 Nb4 24. Bb1 Bxe4 25. Bxe4 Nec6 26. Rxe3 Nd4+ 27. Kf2 Rdf8 28. Kg3 Rhg8 29. Nxd4 cxd4 30. Ree1 Rg7 31. Rgf1 Rfg8 32. Bf3 Rg6 33. Re4 d3 34. Rd1 Kc7 35. a5 Rd8 36. c5 Nc6 37. Re3 Nb4 38. Re4 Nc6 39. b4 a6 40. Kf2 e5 41. Ke3 Rd4 42. Rxd4 Nxd4 43. Rxd3 Nxf3 44. Kxf3 e4+ 45. Kxe4 Rxg4+ 1/2-1/2